[Event "FRA-ch U18"]
[Site "Le Grand Bornand"]
[Date "2007.04.10"]
[Round "4"]
[White "Wunderman, Xavier"]
[Black "Le Dore, Yann"]
[Result "1-0"]
[WhiteElo "2136"]
[BlackElo "1738"]
[PlyCount "57"]
[EventDate "2007.04.07"]
[EventType "swiss"]
[EventRounds "9"]
[EventCountry "FRA"]
[SourceTitle "CBM 118 Extra"]
[Source "ChessBase"]
[SourceDate "2007.07.04"]
[SourceVersion "1"]
[SourceVersionDate "2007.07.04"]
[SourceQuality "1"]

1. e4 e6 2. d3 d5 3. Nd2 Nf6 4. g3 Bc5 5. Ngf3 dxe4 6. dxe4 Ng4 7. Nb3 Qxd1+ 8. Kxd1 Nxf2+ 9. Ke1 Bb6 10. c4 Nxh1 11. c5 Bxc5 12. Nxc5 Nxg3 13. hxg3 b6 14. Na4 0-0 15. Nc3 Bb7 16. Bf4 c5 17. Rd1 Ba6 18. Bxb8 Bxf1 19. Bd6 Ba6 20. Bxf8 Kxf8 21. Rd7 f6 22. e5 Bc8 23. Rc7 h5 24. Ne4 fxe5 25. Nxe5 Ba6 26. Ng5 Re8 27. Rxa7 Bb5 28. a4 Re7 29. Nh7+ 1-0

[Event "Champigny sur Marne op"]
[Site "Champigny sur Marne"]
[Date "2005.03.??"]
[Round "4"]
[White "Le Dore, Yann"]
[Black "Muller, R."]
[Result "0-1"]
[WhiteElo "1199"]
[BlackElo "1590"]
[PlyCount "46"]
[EventDate "2005.03.??"]
[EventType "swiss"]
[EventRounds "7"]
[EventCountry "FRA"]
[SourceTitle "EXT 2007"]
[Source "ChessBase"]
[SourceDate "2006.11.23"]
[SourceVersion "1"]
[SourceVersionDate "2006.11.23"]
[SourceQuality "1"]

1. e4 e5 2. Nf3 Nc6 3. Bb5 a6 4. Ba4 Nf6 5. 0-0 Be7 6. c3 b5 7. Bb3 0-0 8. Re1 d6 9. d4 Bg4 10. dxe5 Nxe5 11. Nbd2 c6 12. Re3 Qb6 13. h3 Bh5 14. Qe1 Rad8 15. Nxe5 dxe5 16. Nf3 Bc5 17. Re2 Bxf3 18. gxf3 Rd3 19. Be3 Nh5 20. Bc2 Rd6 21. Bxc5 Rg6+ 22. Kh2 Qxc5 23. f4 Nxf4 0-1